000 00521nam a2200229Ia 4500
005 20251020182436.0
008 200515s9999 xx 000 0 und d
082 _a51/G79/6
100 _aGrandez Ruiz, José Enrique
245 0 _aMatemática
260 _aLima
260 _bEdiciones Aula Nueva
260 _cs.a.
300 _a124 p.
300 _bil.
500 _a1 ejemplar
520 _aCuaderno de trabajo para el 6to grado
650 _aLIB
650 _aMATEMATICAS
942 _cLIB
999 _c410
_d410